01012nam a2200325 a 450000500170000000800410001702000150005804000270007304100080010004400070010808200180011510000460013324500650017926000480024430000420029265000390033465000230037365000190039665000420041565000260045765000230048365000260050665000100053265000260054265000240056865000180059265000170061070000320062770000270065920200104041531.0140305s2001 ck fr|||| 000 0 spa d a958698057x aCO-BoIAVH cCO-BoIAVH 0 aspa ack04a346.046bQ88g1 aQuitiaquez Villamarín, Germán Alberto10aGuía ambiental de los países del Convenio Andrés Bello aBogotá :bConvenio Andrés Bello,c2001. a806 páginas ;c29 x 22 cm.eCD-ROM. 6aPaises del Convenio Andrés Bello 6aGuías técnicas 6aMedio ambiente 6aLegislación ambiental internacional 6aPropiedad intelectual 6aDesechos sólidos 6aDesarrollo sostenible 6aClima 6aSustancias peligrosas 6aDesechos líquidos 6aBiodiversidad 6aBioseguridad1 aCárdenas T., Gina Yormary1 aBernal M., Henry Yesid